书目信息 |
| 题名: |
中国近代外交史
|
|
| 作者: | 赵佳楹 著 | |
| 分册: | ||
| 出版信息: | 北京 世界知识出版社 2008.03 |
|
| 页数: | 644页 | |
| 开本: | 21cm | |
| 丛书名: | ||
| 单 册: | ||
| 中图分类: | D829 | |
| 科图分类: | ||
| 主题词: | 外交史--wai jiao shi--研究--中国--近代 | |
| 电子资源: | ||
| ISBN: | 978-7-5012-3011-2 | |
| 000 | 00807nam0 2200229 450 | |
| 005 | 20080909110822.10 | |
| 010 | @a978-7-5012-3011-2@dCNY42.00 | |
| 100 | @a20080624d2008 em y0chiy0121 ea | |
| 101 | 0 | @achi |
| 102 | @aCN@b110000 | |
| 105 | @ay z 000yy | |
| 200 | 1 | @a中国近代外交史@Azhong guo jin dai wai jiao shi@f赵佳楹著 |
| 210 | @a北京@c世界知识出版社@d2008.03 | |
| 215 | @a644页@d21cm | |
| 314 | @a赵佳楹(1933- ),河北乐亭人。毕业于外交学院。外交学院副教授,中华人民共和国外交史学会会员,中国国际关系研究会成员。 | |
| 330 | @a本书共分十五章,其内容包括:中国是伟大的、鸦片战争以前中国的对外关系等内容。 | |
| 606 | 0 | @a外交史@Awai jiao shi@x研究@y中国@z近代 |
| 690 | @aD829@v4 | |
| 701 | 0 | @a赵佳楹@Azhao jia ying,@f1933- @4著 |
| 801 | 0 | @aCN@c20080909 |
| 905 | @dD829@eZ300 | |
| 999 | @aLYX | |
| 中国近代外交史/赵佳楹著.-北京:世界知识出版社,2008.03 |
| 644页;21cm |
| ISBN 978-7-5012-3011-2:CNY42.00 |
| 本书共分十五章,其内容包括:中国是伟大的、鸦片战争以前中国的对外关系等内容。 |
| ● |
| 相关链接 |
|
|
|
正题名:中国近代外交史
索取号:D829/Z300
 
预约/预借
| 序号 | 登录号 | 条形码 | 馆藏地/架位号 | 状态 | 备注 |
| 1 | 676912 | 206769120 | 社科库509/509社科库 79排4列4层/ [索取号:D829/Z300] | 在馆 | |
| 2 | 676913 | 206769139 | 社科库509/509社科库 79排4列4层/ [索取号:D829/Z300] | 在馆 | |
| 3 | 676914 | 206769148 | 社科库509/509社科库 79排4列4层/ [索取号:D829/Z300] | 在馆 |